Statystyki dla Quiz o Burundi

Kliknij tutaj aby rozwiązać quiz!

Ogólne statystyki

  • Ten quiz został rozwiązany 626 razy
  • Średni wynik to 12 z 18

Statystyki odpowiedzi

WskazówkaOdpowiedź% Poprawnych
Państwa graniczące z BurundiDemokratyczna
Republika Konga
90%
Państwa graniczące z BurundiRwanda
90%
Państwa graniczące z BurundiTanzania
88%
Oficjalne językiangielski
84%
Oficjalne językifrancuski
83%
Inne państwo, które skolonizowało BurundiNiemcy
81%
Państwo, od którego Burundi uzyskało niepodległość w 1962 rokuBelgia
75%
Spośród 157 krajów, jaką pozycję zajmuje Burundi w rankingu
najszczęśliwszych państw świata? (1 = najszczęśliwszy)
157
74%
StolicaGitega
61%
Burundi leży nad tym jeziorem, drugim najstarszym
i trzecim co do powierzchni na świecie
Jezioro {Tanganika}
60%
Osoba z Włoch jest Włochem. Kim jest osoba z Burundi?Burundyjczyk
57%
Dwa największe eksportowe produkty BurundiKawa
57%
Dwa największe eksportowe produkty BurundiZłoto
56%
Język, który choć nie jest oficjalny, jest używany w regionie jako lingua francaSuahili
55%
Dawna stolica do 2018 r.Bużumbura
51%
Nazwij jedną z trzech rodzimych grup etnicznych BurundiHutu | Tutsi | Twa
48%
Dolina, w której znajduje się Burundi{Wielkie Rowy} Afrykańskie
35%
Oficjalne językirundi
27%

Rozkład punktacji

Percentyl według liczby udzielonych odpowiedzi

Procent ludzi z każdym wynikiem

Twoja historia wyników

Nie rozwiązałeś tego quizu